| 000 | 00403pab a2200157 454500 | ||
|---|---|---|---|
| 008 | 180718b2011 xxu||||| |||| 00| 0 eng d | ||
| 100 | _aKumar, K.G. | ||
| 245 | _aTemple treasures, claimant pressures: Heritage and the commons | ||
| 260 | _c2011 | ||
| 300 | _ap.10-11. | ||
| 362 | _a16 Jul | ||
| 650 | _aCultural heritage | ||
| 773 | _aEconomic and Political Weekly | ||
| 908 | _aN | ||
| 909 | _a92529 | ||
| 999 |
_c92529 _d92529 |
||